| 000 | 00423nam a22001457a 4500 | ||
|---|---|---|---|
| 005 | 20250320091723.0 | ||
| 008 | 240821b ||||| |||| 00| 0 eng d | ||
| 020 | _a9780060736279 | ||
| 082 | _aDFic C650 1998 | ||
| 100 |
_aCoelho, Paulo. _936524 |
||
| 245 |
_aThe fifth mountain : _ba novel / _cPaulo Coelho. |
||
| 260 |
_aNew York : _bHarper, _c©1998. |
||
| 300 |
_a245 pages : _billustrations ; _c17 cm. |
||
| 942 |
_2ddc _cDFIC |
||
| 999 |
_c20765 _d20765 |
||